| 000 | 00534nam a2200193 i 4500 | ||
|---|---|---|---|
| 001 | 18308 | ||
| 003 | ES-MaACL | ||
| 005 | 20230906151816.0 | ||
| 007 | t| | ||
| 008 | 011015s2000 sp ||||1| spa d | ||
| 020 | _a84-8191-349-9 | ||
| 080 | _a821.134.2(85)-14"19" | ||
| 100 | 1 |
_aEielson, Jorge Eduardo. _946823 |
|
| 245 | 1 | 0 |
_aSín título _b: Milán, 1994-1998 / _cJorge Eduardo Eielson. |
| 250 | _a1ª ed. | ||
| 260 |
_aValencia : _bPre-Textos, _c2000. |
||
| 300 |
_a65 p. ; _c22 cm. |
||
| 852 |
_aES-MaACL _jL-24981 _bR.130288 |
||
| 999 |
_c18308 _d18308 |
||